Pokemon Abilities in Generation 3 - Statistics

General Stats
  • This quiz has been taken 23 times
  • The average score is 57 of 77
Answer Stats
Hint Answer % Correct
ups fire moves in a pinch Blaze
100%
sets up rain Drizzle
100%
sets up sun Drought
100%
burn on contact Flame Body
100%
immune to ground Levitate
100%
paralysis on contact Static
100%
only hit by weaknesses Wonder Guard
100%
prevents explosion Damp
95%
immune to fire Flash Fire
95%
draws electric moves Lightning Rod
95%
traps steel types Magnet-Pull
95%
ups grass moves in a pinch Overgrow
95%
poison on contact Poison Point
95%
doubles PP of opponent Pressure
95%
increases speed in rain Swift Swim
95%
resists ice and fire Thick Fat
95%
ups water moves in a pinch Torrent
95%
move every other turn Truant
95%
traps opponent Arena Trap
89%
prevents stat lowering Clear Body
89%
doubles attack Huge Power
89%
lowers attack Intimidate
89%
damage on contact Rough Skin
89%
immune to water Water Absorb
89%
unaffected by weather Air Lock
84%
unaffected by weather Cloud Nine
84%
attraction on contact Cute Charm
84%
increases SpA in double battle Plus
84%
status on contact Effect Spore
84%
prevents sleep Insomnia
84%
increases SpA in double battle Minus
84%
sets up sand Sand Stream
84%
ups bug moves in a pinch Swarm
84%
ups attack when suffering Guts
79%
receives items after battle Pickup
79%
heals in rain Rain Dish
79%
flees from battle Run Away
79%
prevents ohko moves Sturdy
79%
copies ability Trace
79%
type changes with opponents move Color Change
74%
increases encounter rate Illuminate
74%
prevents recoil Rock Head
74%
increases evasiveness in sand Sand Veil
74%
prevents crits Shell Armor
74%
increases speed every turn Speed Boost
74%
prevents item theft Sticky Hold
74%
immune to electric Volt Absorb
74%
speed increase in sun Chlorophyll
68%
wakes up sooner Early Bird
68%
increases attack but lowers accuracy Hustle
68%
prevents flinching Inner Focus
68%
prevents paralysis Limber
68%
prevents sleep Vital Spirrit
68%
prevents attack lowering Hyper Cutter
63%
doubles attack Pure Power
63%
traps opponent Shadow Tag
63%
gives opponent its own status Synchronize
63%
prevents poisoning Immunity
58%
prevents accuracy drop Keen Eye
58%
prevents freezing Magma Armor
58%
prevents attraction Oblivious
58%
prevents confusion Own Tempo
58%
increases accuracy Compound Eyes
53%
changes with weather Forecast
53%
damage on draining moves Liquid Ooze
53%
doubles chance of effects Serene Grace
53%
prevents forced switching Suction Cups
53%
prevents crits Battle Armor
47%
ability deleted before games released Cacophony
47%
ups defense when suffering Marvel Scale
47%
chance to heal status Shed Skin
47%
same as the removed ability Soundproof
47%
removes status on switch Natural Cure
42%
prevents burn Water Veil
37%
decreases encounter rate Stench
32%
prevents stat lowering White Smoke
32%
prevents effects of attacks Shield Dust
26%
No matching quizzes found
Score Distribution
Percent of People with Each Score
Percentile by Number Answered
Your Score History
You have not taken this quiz